Λεξικό όρων
Αποθηκεύτηκε σε:
| Κύριος συγγραφέας: | |
|---|---|
| Μορφή: | Άγνωστο |
| Γλώσσα: | Greek |
| Δημοσίευση: |
Αθήνα :
Καστανιώτης,
1978-1988.
|
| Θέματα: | |
| Ετικέτες: |
Προσθήκη ετικέτας
Δεν υπάρχουν, Καταχωρήστε ετικέτα πρώτοι!
|
MARC
| LEADER | 00000c a2200000 4500 | ||
|---|---|---|---|
| 001 | 1/67354 | ||
| 008 | 941103m19781988gr | ||| |||| ||gre|| | ||
| 035 | |l 10121147 | ||
| 035 | |l 10017542 | ||
| 035 | |a 1991 |c ΤΣΙΒΑΚΟΥ |l 10016937 | ||
| 035 | |a 1986 |c Αγορά | ||
| 040 | |a GR-MyUA |b gre |e AACR2 | ||
| 041 | 0 | |a gre | |
| 082 | 7 | |a 302.203 |2 (23) | |
| 082 | 0 | |a 302.2 |2 (23) | |
| 082 | 0 | |a 302.23 | |
| 082 | 0 | |a 413 | |
| 100 | 1 | |a Δημητρίου, Σωτήρης Θ., |d 1925-2016. | |
| 245 | 1 | 0 | |a Λεξικό όρων / |c Σωτήρης Δημητρίου. |
| 260 | |a Αθήνα : |b Καστανιώτης, |c 1978-1988. | ||
| 300 | |a 5 τ. σε 6 ; |c 21 εκ. | ||
| 504 | |a Βιβλιογραφία: σ. 205-215. | ||
| 505 | 8 | |a Τ. 1. Σημειολογικής και δομικής ανάλυσης τέχνης -- τ. 2. Επικοινωνίας και σημειωτικής ανάλυσης -- τ. 3α. Γλωσσολογίας τ. 3β. Γλωσσολογίας -- τ. 4. Σημαντικής -- τ. 5. Κυβερνητικής, δομισμού και της θεωρίας των συστημάτων. | |
| 650 | 0 | |a Communication |x Dictionaries |x Polyglot. | |
| 650 | 0 | |a Semiotics |x Dictionaries |x Polyglot. | |
| 650 | 0 | |a Greek language, Modern |x Dictionaries |x Polyglot. | |
| 650 | 0 | |a Semiotics and the arts |x Dictionaries |x Polyglot. | |
| 650 | 0 | 0 | |a Art |x Dictionaries. |
| 650 | 0 | 0 | |a Semantics |x Dictionaries. |
| 650 | 0 | 0 | |a Linguistics |x Dictionaries. |
| 650 | 0 | 0 | |a Communication |x Dictionaries. |
| 650 | 0 | 0 | |a Cybernetics |x Dictionaries. |
| 650 | 0 | 0 | |a Structuralism |x Dictionaries. |
| 650 | 0 | 0 | |a Linguistics |x Terminology. |
| 852 | |a INST |b LESVOS |e 19970402 |h 302.2 ΔΗΜ |p 005100011631 |q 005100011631 |t BK |y 0 |z τ.1 | ||
| 852 | |a INST |b LESVOS |e 19970402 |h 302.2 ΔΗΜ |p 005100011631 |q 005100011631 |t BK |v τ.1: |y 0 |z τ.1 | ||
| 852 | |a INST |b LESVOS |e 19960913 |h 302.23 ΔΗΜ |p 005100022816 |q 005100022816 |t REF |y 23 |z τ.2 | ||
| 852 | |a INST |b LESVOS |e 19960913 |h 302.23 ΔΗΜ |p 005100022816 |q 005100022816 |t REF |v τ.2: |y 23 |z τ.2 | ||
| 852 | |a INST |b LESVOS |e 19950906 |h 410.03 ΔΗΜ |p 005100007347 |q 005100007347 |t REF |y 23 |z τ.1 | ||
| 852 | |a INST |b LESVOS |e 19950904 |h 410.03 ΔΗΜ |p 005100007348 |q 005100007348 |t REF |y 23 |z τ.2 | ||
| 852 | |a INST |b LESVOS |e 19950906 |h 410.03 ΔΗΜ |p 005100007347 |q 005100007347 |t REF |v τ.1: |y 23 |z τ.1 | ||
| 852 | |a INST |b LESVOS |e 19950904 |h 410.03 ΔΗΜ |p 005100007348 |q 005100007348 |t REF |v τ.2: |y 23 |z τ.2 | ||
| 852 | |a INST |b RHODES |e 19960723 |h 413 ΔΗΜ |p 005400009210 |q 005400009210 |t REF |y 23 |z τ.4 | ||
| 852 | |a INST |b RHODES |e 19960723 |h 413 ΔΗΜ |p 005400009227 |q 005400009227 |t REF |y 23 |z τ.3Α | ||
| 852 | |a INST |b RHODES |e 19960723 |h 413 ΔΗΜ |p 005400009228 |q 005400009228 |t REF |y 23 |z τ.3Β | ||
| 852 | |a INST |b RHODES |e 19960723 |h 413 ΔΗΜ |p 005400009229 |q 005400009229 |t REF |y 23 |z τ.2 | ||
| 852 | |a INST |b RHODES |e 19960723 |h 413 ΔΗΜ |p 005400009230 |q 005400009230 |t REF |y 23 |z τ.1 | ||
| 852 | |a INST |b RHODES |e 19960723 |h 413 ΔΗΜ |p 005400009210 |q 005400009210 |t REF |v τ.4: |y 23 |z τ.4 | ||
| 852 | |a INST |b RHODES |e 19960723 |h 413 ΔΗΜ |p 005400009227 |q 005400009227 |t REF |v τ.3Α: |y 23 |z τ.3Α | ||
| 852 | |a INST |b RHODES |e 19960723 |h 413 ΔΗΜ |p 005400009228 |q 005400009228 |t REF |v τ.3Β: |y 23 |z τ.3Β | ||
| 852 | |a INST |b RHODES |e 19960723 |h 413 ΔΗΜ |p 005400009229 |q 005400009229 |t REF |v τ.2: |y 23 |z τ.2 | ||
| 852 | |a INST |b RHODES |e 19960723 |h 413 ΔΗΜ |p 005400009230 |q 005400009230 |t REF |v τ.1: |y 23 |z τ.1 | ||
| 852 | |a INST |b SAMOS |e 19941103 |h 413 ΔΗΜ |p 005300011862 |q 005300011862 |t REF |y 23 |z τ.5 | ||
| 852 | |a INST |b SAMOS |e 19941103 |h 413 ΔΗΜ |p 005300011863 |q 005300011863 |t REF |y 23 |z τ.5 | ||
| 852 | |a INST |b SAMOS |e 19941103 |h 413 ΔΗΜ |p 005300011864 |q 005300011864 |t REF |y 23 |z τ.4 | ||
| 852 | |a INST |b SAMOS |e 19941103 |h 413 ΔΗΜ |p 005300011865 |q 005300011865 |t REF |y 23 |z τ.3β | ||
| 852 | |a INST |b SAMOS |e 19941103 |h 413 ΔΗΜ |p 005300011866 |q 005300011866 |t REF |y 23 |z τ.3α | ||
| 852 | |a INST |b SAMOS |e 19941103 |h 413 ΔΗΜ |p 005300011867 |q 005300011867 |t REF |y 23 |z τ.2 | ||
| 852 | |a INST |b SAMOS |e 19941103 |h 413 ΔΗΜ |p 005300011868 |q 005300011868 |t REF |y 23 |z τ.1 | ||
| 852 | |a INST |b SAMOS |e 19941103 |h 413 ΔΗΜ |p 005300011862 |q 005300011862 |t REF |v τ.5: |y 23 |z τ.5 | ||
| 852 | |a INST |b SAMOS |e 19941103 |h 413 ΔΗΜ |p 005300011863 |q 005300011863 |t REF |v τ.5: |y 23 |z τ.5 | ||
| 852 | |a INST |b SAMOS |e 19941103 |h 413 ΔΗΜ |p 005300011864 |q 005300011864 |t REF |v τ.4: |y 23 |z τ.4 | ||
| 852 | |a INST |b SAMOS |e 19941103 |h 413 ΔΗΜ |p 005300011865 |q 005300011865 |t REF |v τ.3β: |y 23 |z τ.3β | ||
| 852 | |a INST |b SAMOS |e 19941103 |h 413 ΔΗΜ |p 005300011866 |q 005300011866 |t REF |v τ.3α: |y 23 |z τ.3α | ||
| 852 | |a INST |b SAMOS |e 19941103 |h 413 ΔΗΜ |p 005300011867 |q 005300011867 |t REF |v τ.2: |y 23 |z τ.2 | ||
| 852 | |a INST |b SAMOS |e 19941103 |h 413 ΔΗΜ |p 005300011868 |q 005300011868 |t REF |v τ.1: |y 23 |z τ.1 | ||
| 852 | |a INST |b SYROS |e 20150218 |h 302.203 ΔΗΜ |p 005500008530 |q 005500008530 |t REF |y 23 |z τ.1 | ||
| 852 | |a INST |b SYROS |e 20150218 |h 302.203 ΔΗΜ |p 005500012162 |q 005500012162 |t REF |y 23 |z τ.2 | ||
| 852 | |a INST |b SYROS |e 20150218 |h 302.203 ΔΗΜ |p 005500008530 |q 005500008530 |t REF |v τ.1: |y 23 |z τ.1 | ||
| 852 | |a INST |b SYROS |e 20150218 |h 302.203 ΔΗΜ |p 005500012162 |q 005500012162 |t REF |v τ.2: |y 23 |z τ.2 | ||
| 853 | |a INST |b LESVOS |h 302.2 ΔΗΜ | ||
| 853 | |a INST |b LESVOS |h 302.23 ΔΗΜ | ||
| 853 | |a INST |b LESVOS |h 410.03 ΔΗΜ | ||
| 853 | |a INST |b RHODES |h 413 ΔΗΜ | ||
| 853 | |a INST |b SAMOS |h 413 ΔΗΜ | ||
| 853 | |a INST |b SYROS |h 302.203 ΔΗΜ | ||
| 901 | |a BIBL5-2009-1 | ||
| 909 | |a Λ |b 050007 | ||
| 909 | |a Λ |b 008836 | ||
| 909 | |a Λ |b 008802 | ||
| 909 | |a Λ |b 008834 | ||
| 909 | |a Λ |b 040155 | ||
| 909 | |a Λ |b 040156 | ||
| 909 | |a Σ |b 020754 | ||
| 909 | |a Σ |b 020753 | ||
| 909 | |a Σ |b 020752 | ||
| 909 | |a Σ |b 020751 | ||
| 909 | |a Σ |b 020750 | ||
| 909 | |a Σ |b 020749 | ||
| 909 | |a Σ |b 019874 | ||
| 909 | |a Ρ |b 004871 | ||
| 909 | |a Ρ |b 004872 | ||
| 909 | |a Ρ |b 004873 | ||
| 909 | |a Ρ |b 004874 | ||
| 909 | |a Ρ |b 004875 | ||
| 922 | |a 5ΕΛΗ |b 200711 |c ΕΠΕΑΕΚ2/ΤΜΣΠΣ |d Σ. Πατατάκης | ||
| 922 | |a 1ΕΛΗ |b 199703 |c ΠΑΡ./ΒΙΒ/ΚΗΣ | ||
| 950 | |a 023-1996-10-18 | ||
| 970 | |a Καγιαβά |b Ειρήνη |z 26/03/2009 | ||